Top 10 Tennis Grand Slam Australian Women's Players in Open Era - Statistics

General Stats
  • This quiz has been taken 74 times
  • The average score is 4 of 10
Answer Stats
# Player Best Performance Points % Correct
5 Ashleigh Barty Win (3) 28
94%
2 Margaret Court Win (11) 91
87%
1 Evonne Goolagong Win (6) 106
80%
6 Samantha Stosur Win (1) 28
63%
3 Wendy Turnbull Final 51
26%
4 Kerry Melville Final 38
24%
7 Dianne Fromholtz Final 27
7%
9 Helen Gourlay Final 23
4%
10 Karen Krantzcke Semifinals 22
2%
8 Lesley Hunt Semifinals 24
2%
No matching quizzes found
Score Distribution
Percent of People with Each Score
Percentile by Number Answered
Your Score History
You have not taken this quiz